可住地人口密度が高い自治体Top15(県・市区町村 各分類別) - Statistics

General Stats
  • This quiz has been taken 108 times
  • The average score is 54 of 90
Answer Stats
# より大きい地域・自治体名 Answer 人口密度(人/㎢) % Correct
1 東京都 豊島区 23,761.41
90%
7 東京都 新宿区 19,617.67
86%
13 東京都 杉並区 17,435.88
86%
15 東京都 渋谷区 16,196.96
86%
1 埼玉県 蕨市 14680.23
86%
2 東京都 中野区 22,531.49
84%
8 東京都 目黒区 19,564.21
84%
11 東京都 中央区 18,173.56
84%
12 東京都 北区 17,624.79
84%
4 東京都 文京区 21,988.31
83%
10 東京都 板橋区 18,373.31
83%
14 東京都 世田谷区 16,271.18
83%
9 東京都 品川区 18,711.91
82%
3 東京都 台東区 22,142.24
81%
5 大阪府 大阪市 12390.3
79%
2 東京都 武蔵野市 13733.06
78%
5 東京都 荒川区 21,919.98
77%
4 東京都 狛江市 13098.43
75%
6 東京都 墨田区 20,615.76
74%
6 東京都 三鷹市 11939.18
71%
14 千葉県 浦安市 9947.05
71%
3 東京都 西東京市 13253.77
70%
12 大阪府 吹田市 11025.32
69%
1 広島県安芸郡 府中町 8651.94
69%
1 関東 東京都 9,974.83
68%
2 近畿 大阪府 6,574.10
68%
3 関東 神奈川県 6,258.27
68%
4 関東 埼玉県 2,815.60
68%
5 中部 愛知県 2,491.87
68%
7 近畿 兵庫県 1,926.97
68%
8 九州・沖縄 福岡県 1,844.50
68%
9 関東 千葉県 1,775.93
68%
10 近畿 奈良県 1,504.99
68%
14 近畿 滋賀県 1,077.91
68%
8 神奈川県 川崎市 11475.18
68%
6 近畿 京都府 2,141.58
66%
11 九州・沖縄 沖縄県 1,302.75
66%
12 中部 静岡県 1,270.12
66%
13 中国・四国 広島県 1,182.06
66%
15 中国・四国 香川県 1,009.89
66%
13 大阪府 豊中市 10947.07
66%
7 東京都 国分寺市 11579.88
62%
10 東京都 小金井市 11359.47
62%
15 東京都 小平市 9800
62%
9 東京都 調布市 11395.99
61%
1 大阪市 西区 21,738.96
60%
13 横浜市 西区 15,373.74
60%
11 大阪府 守口市 11050.67
60%
7 富山県中新川郡 舟橋村 929.39
57%
7 大阪市 天王寺区 18,030.58
55%
14 神奈川県三浦郡 葉山町 3731.23
55%
4 茨城県那珂郡 東海村 1145.98
55%
5 大阪市 阿倍野区 18,755.69
53%
3 沖縄県中頭郡 読谷村 1629.94
53%
9 鳥取県西伯郡 日吉津村 862.47
53%
4 大阪市 東成区 19,211.45
52%
11 大阪府南河内郡 千早赤阪村 627.46
52%
14 千葉県長生郡 長生村 488.53
52%
10 川崎市 幸区 17,367.43
51%
11 横浜市 南区 16,693.31
51%
2 沖縄県中頭郡 中城村 1810.28
51%
7 広島県安芸郡 海田町 4209.74
49%
9 大阪府泉北郡 忠岡町 4030.48
49%
3 大阪市 浪速区 19,264.92
48%
2 福岡県糟屋郡 志免町 5465.88
48%
15 神奈川県高座郡 寒川町 3703.82
48%
1 沖縄県中頭郡 北中城村 1920.57
48%
6 川崎市 中原区 18,250.48
47%
11 静岡県駿東郡 清水町 3954.81
47%
15 茨城県稲敷郡 美浦村 477.77
47%
5 奈良県北葛城郡 王寺町 4462.57
45%
8 沖縄県島尻郡 南風原町 4111.94
45%
12 京都府乙訓郡 大山崎町 3918.55
45%
9 大阪市 福島区 17,827.62
44%
3 愛知県海部郡 大治町 5002.73
44%
8 長野県上伊那郡 南箕輪村 912.85
44%
4 大阪府三島郡 島本町 4566.27
43%
5 群馬県北群馬郡 榛東村 964.61
43%
6 山梨県南都留郡 忍野村 938.89
43%
13 沖縄県中頭郡 恩納村 548.33
42%
12 大阪市 住吉区 16,223.19
40%
14 川崎市 高津区 15,357.92
40%
2 大阪市 城東区 20,044.15
39%
8 大阪市 都島区 17,968.59
39%
15 大阪市 生野区 15,206.93
39%
6 沖縄県島尻郡 与那原町 4317.11
35%
13 奈良県生駒郡 三郷町 3822.09
34%
10 奈良県北葛城郡 上牧町 4008.7
30%
10 長野県東筑摩郡 山形村 680.2
29%
12 長野県上伊那郡 宮田村 564.91
27%
No matching quizzes found
Score Distribution
Percent of People with Each Score
Percentile by Number Answered
Your Score History
You have not taken this quiz